00797nam a2200205 a 4500008004100000020001500041245011100056250001100167260005600178300001000234500016200244653001600406653001800422653002700440653002200467700002700489700002800516700002900544700001800573130926s2004 ag ||||| |||| 00| 0 spa d a9874380160 aNociones básicas de metodología de la investigación en ciencias de la salud /cJuan Ángel Basualdo a1a ed. aLa Plata (Buenos Aires):fGráfica Alemana;g2004. a92 p. aBasualdo, J. A. et al. (2004). Nociones básicas de metodología de la investigación en ciencias de la salud. (1a ed.). Buenos Aires : Gráfica Alemana. aMetodologia aInvestigacion aRevision bibliografica aSalud comunitaria aBasualdo, Juan Ángel aGrenovero, Maria Silvia aMinvielle, Maria Cecilia aBarengo, Noel